000 00839nam a2200241Ia 4500
003 OSt
005 20220923211057.0
006 a|||||r|||| 00| 0
007 ta
008 Pun
020 _a8177701282 (hbk)
_c200
024 _a238,079
037 _b235, 17/12/2008, N. R. Book Distributors
_cTextual
040 _aARTS
_cARTS
_bPun
041 _2Pun
_aPun
082 _aQ8441:33x:g, 153P6
100 _aਬਾਲਾ, FFੀ, ਥਦ.
_9157938
245 0 _aਸਿਧ ਗੋਸਟਿ
_b ਬਹੁਪੱਖੀ ਅਧਿਐਨ
260 _aਅੰਮ੍ਰਿਤਸਰ
_b ਗੁਰੂ ਨਾਨਕ ਦੇਵ ਯੂਨੀਵਰਸਿਟੀ
_c2006
300 _a297ਪੰ
_ccm.
942 _hQ8441:33x:g, 153P6
_cTEXL
_2CC
999 _c294898
_d294898